Pareil ou Différent ? - Statistiques

Statistiques générales
  • Ce quiz a été pris 14 394 fois
    14 253 depuis la dernière actualisation
  • Le résultat moyen est 15 sur 23
Statistiques - réponses
Question Réponse % Correct
Dwayne Johnson et The Rock Pareil
96%
Licorne et Pégase Différent
89%
Arthrose et Arthrite Différent
87%
Clémentine et Mandarine Différent
83%
Astéroïde et Météorite Différent
80%
Fleuve Jaune et Huang He Pareil
80%
Marron et Châtaigne Différent
78%
Hautbois et Basson Différent
77%
Un Poney et le petit du cheval Différent
76%
Bombay et Mumbai Pareil
73%
Loup-garou et Lycanthrope Pareil
72%
Taïga et Toundra Différent
70%
Anxiété et Stress Différent
66%
La République Populaire et Démocratique de Corée et la Corée du Nord Pareil
66%
Melon d'eau et Pastèque Pareil
65%
Guangzhou et Canton Pareil
63%
Saint-Christophe-et-Niévès et Saint-Kitts-et-Nevis Pareil
58%
Uluru et Ayers Rock Pareil
53%
Ellipse et Ovale Différent
50%
Aurore et Aube Différent
48%
Cougar et Puma Pareil
40%
Ouragan et Cyclone Pareil
28%
Oxydation et Rouille Différent
27%
Aucun quiz correspondant
Distribution des résultats
% des personnes avec chaque résultat
Percentile par nombre de réponses
Votre historique - résultats
Vous n’avez pas pris ce quiz depuis la dernière actualisation